| 000 | 00914nam a2200241 i 4500 | ||
|---|---|---|---|
| 003 | DO-SdBNP | ||
| 005 | 20230811084430.0 | ||
| 006 | a||||fr|||| 00| 0 | ||
| 007 | ta | ||
| 008 | 230810e2002 dr ad||| |||| 00| 0 spa d | ||
| 040 |
_aDO-SdBNP _bspa _cBNPHU _erda |
||
| 082 | 4 |
_222 _bS471a |
|
| 111 |
_aSeminario Internacional de Educación: "Educación: un desafío más allá de la escuela". _n(6°: _d2002: _cSanto Domingo) _jautor _983933 |
||
| 245 | 1 | 0 |
_aAprendo 2002: _bVI seminario internacional de Educación. "educación: un desafío más allá de la escuela". |
| 264 | 1 |
_aSanto Domingo : _bBanco Popular; _c2002 |
|
| 300 |
_a[60] páginas ; _c28 cm. |
||
| 336 |
_2rdacontent _atexto _btxt |
||
| 337 |
_2rdamedia _asin mediación _bn |
||
| 338 |
_2rdacarrier _avolumen _bnc |
||
| 590 | _aInventariado 2023 | ||
| 710 | 2 |
_aAcción para la Educación Básica (República Dominicana) _982994 _eautor |
|
| 942 |
_2ddc _cLBS1 |
||
| 999 |
_c54378 _d54378 |
||